El solista = The Soloist /

Película que retrata la vida del músico americano Nathaniel Ayers (1951), su época de entrenamiento, su transtorno mental, su vida deambulante por las calles de Los Angeles y su encuentro con el periodista Robert, quien descubre sus talentos de solista y lo involucra en la puesta en práctica de sus...

Olles dieđut

Furkejuvvon:
Bibliográfalaš dieđut
Váldodahkki: Wright, Joe (realización)
Eará dahkkit: Foxx, Jamie (actuación) (actuación), Downey, Robert, hijo (actuación) (actuación), Keener, Catherine (actuación) (actuación)
Materiálatiipa: Dia
Giella:eaŋgalasgiella
Fáttát:
Fáddágilkorat: Lasit fáddágilkoriid
Eai fáddágilkorat, Lasit vuosttaš fáddágilkora!

MARC

LEADER 00000ngm^a2200000^a^4500
001 000311777
005 20250521000000.0
009 20260310113055.418
037 |a Acervo ITESO - Biblioteca 
041 |a ING 
082 |a 810.  |b WRI 
100 |a Wright, Joe  |e (realización) 
245 1 3 |a El solista =  |b The Soloist /  |c Realización de J. Wright. 
264 2 |a México :  |b Universal Pictures [distribución],  |c copyright fecha no identificada 
300 |a 1 DVD regiones 1 y 4  |c (117 min.) 
336 |a imagen móvil bidimensional  |b tdi  |2 rdacontenido 
337 |a video  |b v  |2 rdamedio 
338 |a videodisco  |b vd  |2 rdasoporte 
520 |a Película que retrata la vida del músico americano Nathaniel Ayers (1951), su época de entrenamiento, su transtorno mental, su vida deambulante por las calles de Los Angeles y su encuentro con el periodista Robert, quien descubre sus talentos de solista y lo involucra en la puesta en práctica de sus talentos musicales. 
546 |a En inglés, con subtítulos opcionales: español, inglés, portugués 
546 |a Doblaje opcional: español, portugués 
649 |a XX 
650 |a Cineastas Ingleses 
650 |a Músicos Norteamericanos 
650 |a Dramas Cinematográficos 
650 |a Cine Norteamericano -  |y 2000-2009 
650 |a Cine Norteamericano -  |y Siglo XXI 
650 |a Amistad 
650 |a Comunicación Personal 
650 |a Esquizofrenia 
650 |a Música Clásica -  |x Historia y Crítica 
650 |a Los Angeles, EUA en el Cine 
650 |a Ayers, Nathaniel Anthony,  |c hijo -  |x Tema Principal 
700 |a Foxx, Jamie  |e (actuación) 
700 |a Downey, Robert,  |c hijo  |e (actuación) 
700 |a Keener, Catherine  |e (actuación) 
910 |a Fondo General 
920 |a Audiovisuales - DVDs 
940 |a Películas 
905 |a 302 
901 |a 0500204118  |b IT2  |c DVS  |i C123454  |u 20250521 
902 |a https://opac.biblio.iteso.mx/vufind/Record/000311777